000 00452nam a2200193Ia 4500
001 5472
003 GE_BSU
008 181216s||||||||xx |||||||||||||| ||und||
040 _cGE_BSU
080 _a37.02
100 _aИльин Е.Н.
245 _aРождение урока.
260 _aМосква
260 _bПедагогика
260 _c1986
300 _a176 с. 20 см.
653 _aРождение урока.
942 _cBK
999 _c38997
_d38997